000 00633nam a2200181 4500
001 122246
003 ES-MaACL
005 20230906191934.0
007 t|
008 070214s1970 sp r ||||1| spa d
100 1 _aPrieto Escudero, Germán.
_993926
245 1 0 _aEstratificación social en la España balmesiana /
_cpor Germán Prieto Escudero.
260 _aMadrid :
_bInstituto Balmes de Sociología,
_c1970.
300 _a20 p. ;
_c24 cm.
500 _aEs tirada aparte de: Revista Internacional de Sociología, nº 111 - 112.
710 2 _aInstituto Balmes de Sociología.
_94799
852 _aES-MaACL
_j2072-F-20
_bR.74230
999 _c122246
_d122246